[Event "POL-chT U19 45th"]
[Site "Maslow Pierwszy"]
[Date "2014.07.28"]
[Round "4"]
[White "Pawlowski, Dawid"]
[Black "Grela, Kacper"]
[Result "0-1"]
[WhiteElo "1342"]
[BlackElo "2017"]
[PlyCount "52"]
[EventDate "2014.07.25"]
[EventType "team-tourn"]
[EventRounds "9"]
[EventCountry "POL"]
[SourceTitle "EXT 2015"]
[Source "ChessBase"]
[SourceDate "2014.11.20"]
[SourceVersion "1"]
[SourceVersionDate "2014.11.20"]
[SourceQuality "1"]
[WhiteTeam "Gorzow Wielkopolski Stilon U19"]
[BlackTeam "Wroclaw KS Polonia U19"]
[WhiteTeamCountry "POL"]
[BlackTeamCountry "POL"]

1. d4 Nf6 2. c4 g6 3. Nc3 Bg7 4. e4 d6 5. Nf3 0-0 6. Bf4 Nbd7 7. Be2 c5 8. d5 Ng4 9. Qd2 a6 10. h3 Nge5 11. Nxe5 Nxe5 12. Bh6 Rb8 13. a4 Qa5 14. Bxg7 Kxg7 15. h4 h5 16. Bxh5 Nxc4 17. Qg5 Nxb2 18. Rc1 Nd3+ 19. Kd2 Nxc1 20. Bxg6 fxg6 21. f3 Na2 22. h5 Qxc3+ 23. Ke2 Qf6 24. h6+ Kh7 25. Qd2 Nc3+ 26. Ke1 b5 0-1